| 000 | 00585nam a2200193Ia 4500 | ||
|---|---|---|---|
| 005 | 20250618163915.0 | ||
| 008 | 008 250516s9999 xx 000 0 hin d | ||
| 020 | _a9788119996527 | ||
| 040 |
_beng _cSDCL |
||
| 041 |
_ahin _2hin |
||
| 084 | _aV2,1y7J42 R4 | ||
| 100 |
_aGarg, Pradeep _9729480 |
||
| 245 | 0 |
_aShahanshah Akbar : _bEk anmol virasat |
|
| 246 |
_aशहंशाह अकबर : _bएक अनमोल विरासत |
||
| 260 |
_aNew Delhi : _bLokbharti Prakashan, _c2024. |
||
| 300 | _a628p. | ||
| 650 |
_aHistory--Mughal _9813133 |
||
| 942 |
_cTEXL _2CC |
||
| 999 |
_c1430178 _d1430178 |
||